| 000 | 00355nam a2200109Ia 4500 | ||
|---|---|---|---|
| 008 | 160609s9999 xx 000 0 und d | ||
| 100 | _aHill, Jason. | ||
| 245 | _aGetting The Picture: The Visual Culture Of The News | ||
| 245 | _cBy:Jason Hill, Vanessa R. Schwartz | ||
| 260 | _c2015 | ||
| 856 | _uhttp://file.ebook777.com/012/GetThePicTheVisCulOfTheNew.pdf | ||
| 999 |
_c295655 _d295655 |
||